000 00263nam a22001337a 4500
008 210311b ||||| |||| 00| 0 eng d
041 _aeng
080 _a2
082 _a2
100 _a24
101 _aTEO
245 _aRelg
_cVanvoorst,E.R
942 _2udc
_cBK
999 _c56378
_d56378